000 01072cam a22003137a 4500
003 CHAP
005 20220329141111.0
008 971014s1997 r 00010 d
010 _a62578
011 _a63550
035 _a67726
040 _cCHAP
082 _a312.0972
_bI6
110 _aInstituto Nacional de Estadística, Geografía e Informática. México
_959304
245 1 4 _aLos hogares en México
260 _aAguascalientes, Ags. :
_bINEGI,
_c1997
300 _a100 p.
_b; gráfs.
590 _aBATCH-UPD
_b10
_c20130110
_lUCH01
_h1509
590 _aBATCH-UPD
_b10
_c20130410
_lUCH01
_h0927
590 _aBATCH-UPD
_b10
_c20130914
_lUCH01
_h1340
590 _aCONVERSION
_b10
_c20130109
_lUCH01
_h1334
650 1 4 _aFamilia
_xEstadísticas.
_939406
650 1 4 _aPoblación
_xEstadísticas
_zMéxico.
_989385
650 1 4 _aPoblación
_xMéxico.
_989408
901 _aBK
942 _cLIBRO
949 _a312.0972 I6
_bBC
_cINEGI
_d33724000592416
_eINEGI
_fc.2
_h92807
_i67726
_sb
949 _a312.0972 I6
_bBC
_cINEGI
_d33724000682159
_eINEGI
_gI. c/e
_h92330
_i67726
_sb
_t25.00
999 _c62578
_d62578